| 000 | 00813nam a2200253Ia 4500 | ||
|---|---|---|---|
| 999 |
_c36129 _d36129 |
||
| 001 | 2029 | ||
| 003 | GE_BSU | ||
| 005 | 20190423150612.0 | ||
| 008 | 181216s2008||||ru |||||||||||||| ||rus|| | ||
| 020 | _a9785482016626 | ||
| 040 | _cGE_BSU | ||
| 041 | _arus | ||
| 080 | _a349.6(075.8) | ||
| 100 |
_aДубовик, Ольга Леонидовна _9406 |
||
| 245 |
_aЭкологическое право / _bУчебник. |
||
| 250 | _a2-е изд. доп. и перераб. | ||
| 264 |
_aМосква : _bПроспект, _c2008. |
||
| 300 |
_a688 стр.; _b21 см. |
||
| 653 | _aეკოლოგია | ||
| 653 | _aსამართალი | ||
| 653 | _aეკოლოგიური სამართალი | ||
| 700 |
_aКремер, Людвиг _eавтор _9407 |
||
| 942 |
_cBK _2udc |
||